Nisargopachaar Padhatee (Record no. 349840)

MARC details
000 -LEADER
fixed length control field 004290000a22001930004500
005 - DATE AND TIME OF LATEST TRANSACTION
control field 20120302055946.0
040 ## - CATALOGING SOURCE
Original cataloging agency MAR
100 ## - MAIN ENTRY--PERSONAL NAME
Personal name Gala,Dha.Ra.
100 ## - MAIN ENTRY--PERSONAL NAME
Personal name Gala,Dhiren
245 ## - TITLE STATEMENT
Title Nisargopachaar Padhatee
250 ## - EDITION STATEMENT
Edition statement 2
260 ## - PUBLICATION, DISTRIBUTION, ETC. (IMPRINT)
Place of publication, distribution, etc Dadar:Gala Publishars,1991.
300 ## - PHYSICAL DESCRIPTION
Extent 138p.
365 ## - TRADE PRICE
Price amount 12/-
650 ## - SUBJECT ADDED ENTRY--TOPICAL TERM
Topical term or geographic name as entry element Aarogyashaastra
650 ## - SUBJECT ADDED ENTRY--TOPICAL TERM
Topical term or geographic name as entry element Nisargopachaar
650 ## - SUBJECT ADDED ENTRY--TOPICAL TERM
Topical term or geographic name as entry element Vyaayaam-Aarogya
942 ## - ADDED ENTRY ELEMENTS (KOHA)
Koha item type Book
Holdings
Withdrawn status Lost status Damaged status Not for loan Home library Current library Date acquired Total Checkouts Barcode Date last seen Price effective from
        Institute For Oriental Study, Thane Institute For Oriental Study, Thane 12/02/2009   IOS-14529 12/02/2009 12/02/2009